The fault in our stars / (Record no. 2449)

MARC details
000 -LEADER
fixed length control field 01254nam a22003497a 4500
005 - DATE AND TIME OF LATEST TRANSACTION
control field 20240115121741.0
020 ## - INTERNATIONAL STANDARD BOOK NUMBER
International Standard Book Number 9781455869749
020 ## - INTERNATIONAL STANDARD BOOK NUMBER
International Standard Book Number 9780141345659
020 ## - INTERNATIONAL STANDARD BOOK NUMBER
International Standard Book Number 1455869740
040 ## - CATALOGING SOURCE
Original cataloging agency TEFMT
Language of cataloging eng
Transcribing agency TEFMT
Modifying agency TEF
-- RECBX
-- BDX
-- MR0
-- KCP
-- ZP7
-- DLC
050 00 - LIBRARY OF CONGRESS CALL NUMBER
Classification number PZ7.G8233
082 ## - DEWEY DECIMAL CLASSIFICATION NUMBER
Classification number 813.6
100 1# - MAIN ENTRY--PERSONAL NAME
Personal name Green, John
Dates associated with a name 1977-
245 14 - TITLE STATEMENT
Title The fault in our stars /
Medium
Statement of responsibility, etc. John Green.
250 ## - EDITION STATEMENT
Edition statement This edition published 2013
260 ## - PUBLICATION, DISTRIBUTION, ETC.
Place of publication, distribution, etc. London :
Name of publisher, distributor, etc. Penguin Books,
Date of publication, distribution, etc. 2012
300 ## - PHYSICAL DESCRIPTION
Extent 313 pages :
Dimensions 20 cm
505 ## - FORMATTED CONTENTS NOTE
Formatted contents note V
520 ## - SUMMARY, ETC.
Summary, etc. Sixteen-year-old Hazel, a stage IV thyroid cancer patient, has accepted her terminal diagnosis until a chance meeting with Augustus Waters at a cancer support group forces her to reexamine her perspective on love, loss, and life.
521 ## - TARGET AUDIENCE NOTE
Target audience note 850
Source Lexile
521 ## - TARGET AUDIENCE NOTE
Target audience note V
Source Raz-Plus
650 #0 - SUBJECT ADDED ENTRY--TOPICAL TERM
Topical term or geographic name entry element Cancer
General subdivision Patients
Form subdivision Juvenile fiction.
650 #0 - SUBJECT ADDED ENTRY--TOPICAL TERM
Topical term or geographic name entry element Interpersonal relations
Form subdivision Juvenile fiction.
650 #0 - SUBJECT ADDED ENTRY--TOPICAL TERM
Topical term or geographic name entry element Cancer in adolescence
Form subdivision Juvenile fiction.
650 #0 - SUBJECT ADDED ENTRY--TOPICAL TERM
Topical term or geographic name entry element Terminally ill
Form subdivision Juvenile fiction.
650 #1 - SUBJECT ADDED ENTRY--TOPICAL TERM
Topical term or geographic name entry element Cancer
General subdivision Patients
Form subdivision Fiction.
650 #1 - SUBJECT ADDED ENTRY--TOPICAL TERM
Topical term or geographic name entry element Cancer
Form subdivision Fiction.
650 #1 - SUBJECT ADDED ENTRY--TOPICAL TERM
Topical term or geographic name entry element Interpersonal relations
Form subdivision Fiction.
655 #0 - INDEX TERM--GENRE/FORM
Genre/form data or focus term Young adult fiction.
942 ## - ADDED ENTRY ELEMENTS (KOHA)
Source of classification or shelving scheme Dewey Decimal Classification
Koha item type Books
Suppress in OPAC No
999 ## -
-- 2449
-- 2449
Holdings
Withdrawn status Lost status Source of classification or shelving scheme Damaged status Not for loan Collection Home library Current library Shelving location Date acquired Total Checkouts Full call number Barcode Date last seen Date last checked out Price effective from Koha item type
    Dewey Decimal Classification     Fiction Footprints International School Library Network Toul Kork Campus Footprints International School Library Network Toul Kork Campus TTP Secondary Fiction Bookshelves 12/08/2023 2 GRE 813.6 PZ7.G8233 FISSE01579 03/04/2025 03/03/2025 12/08/2023 Books